Notes on the selection of rubber factory equipment and the manufacture of smoked sheet (Record no. 64080)

MARC details
000 -LEADER
fixed length control field 00358nam a2200109Ia 4500
100 ## - MAIN ENTRY--AUTHOR NAME
Personal name Piddlesden J H
245 #0 - TITLE STATEMENT
Title Notes on the selection of rubber factory equipment and the manufacture of smoked sheet
260 ## - PUBLICATION, DISTRIBUTION, ETC. (IMPRINT)
Name of publisher Journal of the Rubber Research Institute of Malaya
Year of publication 1938
300 ## - PHYSICAL DESCRIPTION
Number of Pages 163-178
942 ## - ADDED ENTRY ELEMENTS (KOHA)
Koha item type Journals
Holdings
Withdrawn status Lost status Damaged status Not for loan Home library Current library Date acquired Serial Enumeration / chronology Koha item type
      Journals RRII Library RRII Library 17/12/2021 Volume 8, Issue 2 Journals